Pokémon by Signature Ability - Mega Click Quiz - Statistics

General Stats
  • This quiz has been taken 15 times
  • The average score is 61 of 72
Answer Stats
Hint Answer % Correct
Stance Change Aegislash
92%
Defeatist Archeops
92%
Electromorphosis Bellibolt
92%
Steam Engine Coalossal
92%
Well-Baked Body Dachsbun
92%
Zen Mode Darmanitan
92%
Ice Face Eiscue
92%
Purifying Salt Garganacl
92%
Emergency Exit Golisopod
92%
Color Change Kecleon
92%
Supreme Overlord Kingambit
92%
Disguise Mimikyu
92%
Dancer Oricorio
92%
Earth Eater Orthworm
92%
Zero to Hero Palafin
92%
Innards Out Pyukumuku
92%
Slow Start Regigigas
92%
Wonder Guard Shedinja
92%
Gale Wings Talonflame
92%
Punk Rock Toxtricity
92%
Victory Star Victini
92%
Neutralizing Gas Weezing
92%
Schooling Wishiwashi
92%
Illusion Zoroark
92%
Ripen Appletun
85%
Water Bubble Araquanid
85%
Seed Sower Arboliva
85%
Thermal Exchange Baxcalibur
85%
As One Calyrex
85%
Forecast Castform
85%
Mirror Armor Corviknight
85%
Gulp Missile Cramorant
85%
Perish Body Cursola
85%
Bad Dreams Darkrai
85%
Normalize Delcatty
85%
Imposter Ditto
85%
Cotton Down Eldegoss
85%
Good as Gold Gholdengo
85%
Toxic Debris Glimmora
85%
Battle Bond Greninja
85%
Wind Power Kilowattrel
85%
Comatose Komala
85%
Shields Down Minior
85%
Hunger Switch Morpeko
85%
Screen Cleaner Mr. Rime
85%
Water Compaction Palossand
85%
Poison Puppeteer Pecharunt
85%
Liquid Voice Primarina
85%
Sand Spit Sandaconda
85%
Commander Tatsugiri
85%
Teraform Zero Terapagos
85%
Mycelium Might Toedscruel
85%
Merciless Toxapex
85%
Unseen Fist Urshifu
85%
Power Construct Zygarde
85%
Flare Boost Drifblim
77%
Costar Flamigo
77%
Anger Shell Klawf
77%
Neuroforce Necrozma
77%
Embody Aspect Ogerpon
77%
Receiver Passimian
77%
Stall Sableye
77%
Mind's Eye Ursaluna
77%
Toxic Boost Zangoose
77%
Flower Gift Cherrim
69%
Long Reach Decidueye
69%
Opportunist Espathra
69%
Grass Pelt Gogoat
69%
Wandering Spirit Runerigus
69%
Hospitality Sinistcha
69%
Triage Comfey
62%
Supersweet Syrup Hydrapple
62%
No matching quizzes found
Score Distribution
Percent of People with Each Score
Percentile by Number Answered
Your Score History
You have not taken this quiz